Bạc và đệm lót

में बचाया:
ग्रंथसूची विवरण
मुख्य लेखक: Chung Thế Quang ...[et al.]
स्वरूप: पुस्तक
भाषा:Undetermined
प्रकाशित: H. GTVT 2003
विषय:
टैग : टैग जोड़ें
कोई टैग नहीं, इस रिकॉर्ड को टैग करने वाले पहले व्यक्ति बनें!
Thư viện lưu trữ: Trung tâm Học liệu Trường Đại học Cần Thơ
LEADER 00563nam a2200205Ia 4500
001 CTU_57892
008 210402s9999 xx 000 0 und d
020 |b 26000 
082 |a 621.822 
082 |b B101 
100 |a Chung Thế Quang ...[et al.] 
245 0 |a Bạc và đệm lót 
245 0 |c Chung Thế Quang ...[et al.] 
260 |a H. 
260 |b GTVT 
260 |c 2003 
650 |a bearings ( machinery ),machine parts 
650 |x maintenance and repair 
904 |i Minh 
980 |a Trung tâm Học liệu Trường Đại học Cần Thơ